| 000 | 01794nam a2200697Ia 4500 | ||
|---|---|---|---|
| 001 | 7368 | ||
| 008 | 191123s9999 xx 000 0 und d | ||
| 020 | _a8487181287 | ||
| 041 | _aspa | ||
| 044 | _asp | ||
| 245 | 0 | _aMuseo de la Academia de Bellas Artes de San Fernando. | |
| 260 |
_aMadrid : _bMonterreina, _c1995. |
||
| 300 | _a16 cuadernillos | ||
| 500 | _aCarpeta con 16 cuadernillos sueltos | ||
| 650 | _aABANICOS | ||
| 650 | _aALVAREZ DE SOTOMAYOR,FERNANDO | ||
| 650 | _aBAYEU,FRANCISCO | ||
| 650 | _aBORDADOS | ||
| 650 | _aBORGIANNI,HORACIO | ||
| 650 | _aCANO CORREA, ANTONIO | ||
| 650 | _aCANO,ALONSO | ||
| 650 | _aCHICHARRO,EDUARDO | ||
| 650 | _aDIBUJOS | ||
| 650 | _aDOMINGO,ROBERTO | ||
| 650 | _aENCAJES | ||
| 650 | _aESCUELA ESPAÑOLA | ||
| 650 | _aESCULTURAS | ||
| 650 | _aESPINOSA,JERONIMO JACINTO | ||
| 650 | _aGONZALEZ VELAZQUEZ,ANTONIO | ||
| 650 | _aGUITARTE Y GARCIA DE LA TORRE,FERNANDO | ||
| 650 | _aHIGUERAS Y FUENTES,JACINTO | ||
| 650 | _aMARCH,ESTEBAN | ||
| 650 | _aMARES Y DEULOVOL,FEDERICO | ||
| 650 | _aMENENDEZ PIDAL,LUIS | ||
| 650 | _aNATURALEZA MUERTA | ||
| 650 | _aNAVARRO,AGUSTIN | ||
| 650 | _aPALOMINO,ANTONIO ACISCLO | ||
| 650 | _aPEÑA,JUAN BAUTISTA | ||
| 650 | _aPINTURA | ||
| 650 | _aPINTURA ESPAÑOLA | ||
| 650 | _aPINTURA FLAMENCA | ||
| 650 | _aPINTURA ITALIANA | ||
| 650 | _aRETRATOS | ||
| 650 | _aRIBALTA,FRANCISCO | ||
| 650 | _aRIBERA, JOSE DE | ||
| 650 | _aSOROLLA,JOAQUIN | ||
| 650 | _aTENIERS,DAVID | ||
| 650 | _aXIX | ||
| 650 | _aXVII | ||
| 650 | _aXVIII | ||
| 650 | _aZULOAGA,IGNACIO | ||
| 902 | _aM | ||
| 903 | _am | ||
| 904 | _am | ||
| 905 | _aII | ||
| 907 | _aimpreso | ||
| 911 | _ailus. color ; 31 cm | ||
| 912 | _a1995 | ||
| 942 | _cLIBRO | ||
| 999 |
_c5092 _d5092 |
||